Statistics for 10 Most Populous Cities in Germany

Click here to take the quiz!

General Stats

  • This quiz has been taken 109 times
  • The average score is 8 of 10

Answer Stats

PopulationAnswer% Correct
3,520,031Berlin
100%
1,450,381Munich
98%
1,787,408Hamburg
97%
732,688Frankfurt
91%
612,178Dusseldorf
83%
1,060,582Cologne
82%
623,738Stuttgart
71%
582,624Essen
69%
586,181Dortmund
62%
560,472Leipzig
58%

Score Distribution

Percentile by Number Answered

Percent of People with Each Score

Your Score History

You have not taken this quiz